000
00289nam a2200121Ia 4500
005
20251222175935.0
008
251222s9999||||xx |||||||||||||| ||spa||
020
_a
8489328811
082
_a
657.45/L87
100
_a
López Casuso, Agustín
245
0
_a
Normas de Auditoría:
942
_c
LIB
999
_c
41172
_d
41172